Normal view
MARC view
- تأليف: محسن،صباح رحيمة / م.مشارك: عبد الفتاح ابراهيم زريبة، فتحي احمد الشيباني
Entry Personal Name
001 - CONTROL NUMBER
- control field: 28073
003 - CONTROL NUMBER IDENTIFIER
- control field: JO-AjAnu
005 - DATE AND TIME OF LATEST TRANSACTION
- control field: 20230606074748.0
008 - FIXED-LENGTH DATA ELEMENTS
- fixed length control field: 230606|| aca||aabn | a|a d
040 ## - CATALOGING SOURCE
- Original cataloging agency: JO-AjAnu
- Transcribing agency: JO-AjAnu
100 ## - HEADING--PERSONAL NAME
- Personal name: تأليف: محسن،صباح رحيمة / م.مشارك: عبد الفتاح ابراهيم زريبة، فتحي احمد الشيباني
670 ## - SOURCE DATA FOUND
- Source citation: Work cat.: (JO-AjAnu)14411: تأليف: محسن،صباح رحيمة / م.مشارك: عبد الفتاح ابراهيم زريبة، فتحي احمد الشيباني, author, نظم المعلومات المالية اسسها النظرية وبناء قواعد بياناتها